000 01362nam a22003134a 4500
001 ebr10051529
003 CaPaEBR
006 m u
007 cr cn|||||||||
008 011017s2002 caua sb 001 0 eng
010 _z 2001006455
020 _z0520229533 (alk. paper : cloth)
020 _z0520235150 (alk. paper : pbk.)
040 _aCaPaEBR
_cCaPaEBR
035 _a(OCoLC)70743334
050 1 4 _aNX511.L67
_bC48 2002eb
082 0 4 _a700/.9794/94
_221
100 1 _aCheng, Meiling,
_d1960-
245 1 0 _aIn other Los Angeleses
_h[electronic resource] :
_bmulticentric performance art /
_cMeiling Cheng.
260 _aBerkeley :
_bUniversity of California Press,
_cc2002.
300 _axxxiv, 407 p. :
_bill.
500 _a"Published in association with the Southern California Studies Center of the University of Southern California."
504 _aIncludes bibliographical references (p. 353-392) and index.
533 _aElectronic reproduction.
_bPalo Alto, Calif. :
_cebrary,
_d2013.
_nAvailable via World Wide Web.
_nAccess may be limited to ebrary affiliated libraries.
650 0 _aPerformance art
_zCalifornia
_zLos Angeles.
655 7 _aElectronic books.
_2local
710 2 _aebrary, Inc.
856 4 0 _uhttp://site.ebrary.com/lib/rucke/Doc?id=10051529
_zAn electronic book accessible through the World Wide Web; click to view
999 _c76111
_d76111